Pokemon Go - Le Quizz du Dresseur Ultime - Statistiques

Statistiques générales
  • Ce quiz a été pris 11 fois
  • Le résultat moyen est 15 sur 40
Statistiques - réponses
Question Réponse % Correct
Relicanth est un pokémon régional, mais où devriez-vous voyager pour espérer en capturer? Nouvelle Zélande
80%
Quelle est la couleur de la carapace de Tortank Chromatique? Verte
70%
Lors des évènements spéciaux où Spiritomb est en vedettes, un nombre revient souvent dans les quêtes qui lui sont liées, lequel? 108
60%
Imaginons que notre Méga-Rayquaza niveau 50, meilleur ami (donc avec le ruban et les stats boostées au niveau 51), avec des IVs parfait (donc 4 étoiles, 100%) se retrouve à affronter en Pvp une meute de Paras Obscurs de niveau 1 avec des IVs au minimum (0/0/0) Combien de Paras pourrait-il mettre KO d'une seule attaque Draco-Ascension? (On estime que le surplus de dégât sur le premier Paras est transféré au suivant, et ainsi de suite jusqu'à ce que la totalité des dégâts soient utilisés) 1279
60%
Comment faire évoluer Vemini en Mandrillon dans Pokémon Go? 200 bonbons Vemini + capturer 20 Pokemon de type dragon
60%
Quel est le chiffre visible sur les lunettes de Ramoloss pendant l'évènement de la nouvelle année 2021? 2020
60%
Combien de poképièces coûte le vêtement le plus cher dans la boutique? (On ne prend en compte que le coût en poképièces, pas le coût éventuel d'achat d'un ticket ou autre) 800
60%
Au 10 Novembre 2025, quelle est la limite maximale de stockage de Pokémon dans le jeu? 11150
50%
A quelle date s'est déroulé le premier raid Mewtwo dans Pokemon Go? 15 Septembre 2017
50%
Combien y a t'il de formes de Spinda différentes? (pour cette question on compte les shiny comme des formes à part entière puisque l'un d'eux a des motifs différents de sa forme non shiny) 18
50%
Combien de Pokemon de Hisui doit-on capturer pour décrocher la médaille platine? 7
50%
Combien de ballons permettent à Pikachu de voler? 7
50%
Laquelle de ces attaques n'est pas disponible dans les attaques chargées de Mew? Hydrocanon
50%
Pokémon Go est sorti officiellement en France : Le 21 Juillet 2016
50%
En parrainant un ami on peut recevoir de nombreuses récompenses dont des Pokémon! Lequel de cette liste n'est pas disponible? Pikachu
50%
Combien de PVs a Munja dans Pokémon Go? 10
40%
Combien de Pokeball différentes existe-t-il en jeu? 7
40%
Quel personnage de Pokemon Go est présenté comme LGBT (uniquement dans certains pays et de manière discrète) Blanche
40%
Le saviez vous : les médailles de type de Pokémon ont des noms! Mais lequel n'existe pas? Farceur
40%
Quel duo de Pokémon de cette liste présente deux spécimens ayant des statistiques différentes? Mewtwo & Mewtwo Armure
40%
Quelle est la couleur du petit câble attaché à l'arrière de Meltan? Rouge
40%
Combien de voix de personnes réelles ont-elles été disponibles dans Pokémon Go? 1
30%
L'attaque rapide Puissance cachée peut avoir des types différents pour chaque Pokémon. Mais combien de types différents peut-elle avoir en tout? 16
30%
Combien de PVs a un Leuphorie de niveau 50, meilleur ami (avec le ruban), et des Ivs parfaites (4 étoiles, 100%) ? 431
30%
Lequel de ces Pokémon a été le premier légendaire disponible en shiny? Ho-Oh
30%
Quand la team Rocket fait-elle son apparition pour la première fois dans le jeu Pokemon Go? Le 25 Juillet 2019
30%
Il pleut, lequel de ces Pokémon vous donnera le plus de poussière d'étoile si vous le capturez? Miasmax
30%
Combien de tentacules a Terracruel? 10
20%
Au 10 Novembre 2025, quelle est la limite maximale de stockage d'objets dans le jeu? 10500
20%
Combien de Pikachu costumé ne sont pas officiellement disponibles en shiny? 2
20%
Quel niveau faut-il atteindre pour pouvoir proposer une nouveau Pokestop via Pokémon Go? 35
20%
Combien de temps vous faudrait-il au minimum pour acquérir la médaille de platine "triathlete"? 350 jours
20%
Au premier Janvier 2026, Metamorph peut se cacher sous l'apparence de quel Pokémon parmi ceux-ci? Arakdo
20%
Qui a remporté le championnat du monde de Pokémon Go en 2025? Beelzeboy
20%
Quel est le meilleur pokémon de type roche pour combattre dans les raids en Janvier 2026? Méga Diancie
20%
Laquelle de ces formes de Prismillion n'existe pas? Motif Ouragan
20%
Hors évènement où le montant d'xp est augmenté pour certaines raisons, quel est le montant d'xp maximum obtenable en une seule capture ? (montant affiché sur l'écran de capture) 15740
10%
Laquelle de ces attaques n'est pas disponible dans Pokémon Go? Coup D'Boule
10%
Le 22 Septembre 2018, juste après le Community day Germignon, un Pokémon étrange fait son apparition pendant un bref instant partout dans le monde. Il ne sera révélé que 3 jours plus tard sous le nom de Meltan. Laquelle des informations suivantes est fausse? Il ne connait qu'une seule attaque chargée
10%
Comment s'appelle le robot de réponse automatique du support en ligne de Pokemon Go? Remy
10%
Aucun quiz correspondant
Distribution des résultats
% des personnes avec chaque résultat
Percentile par nombre de réponses
Votre historique - résultats
Vous n’avez pas pris ce quiz